| 000 | 00542nam a2200157 a 4500 | ||
|---|---|---|---|
| 001 | 000028641 | ||
| 005 | 20200930055042.0 | ||
| 008 | 110411s1994 dr d 000 0 spa d | ||
| 040 |
_aDO-SdBNP _bspa _cBNPHU |
||
| 082 |
_axxx _bV335s |
||
| 100 | 1 |
_aVásquez H., Luis F. _955603 |
|
| 245 | 1 | 3 |
_aEl seguro de interrupción de negocio : _bUn analisis teórico-práctico y manual de trabajo / _cLuis F. Vásquez H. |
| 260 |
_aSanto Domingo : _bImpresora Angel, _c1994. |
||
| 300 |
_a197 p. : _bdiagrama ; _c28 cm. |
||
| 500 | _aIncluye índice temático | ||
| 999 |
_c28133 _d28133 |
||